[Event "Junior-DM"]
[Site "Aarhus"]
[Date "1993.??.??"]
[Round "4"]
[White "Pedersen, Daniel Vesterbaek"]
[Black "Loebler, Heimo"]
[Result "0-1"]
[WhiteElo "2255"]
[BlackElo "2350"]
[PlyCount "108"]
[EventDate "1993.??.??"]
[EventType "swiss"]
[EventRounds "9"]
[EventCountry "DEN"]
[SourceTitle "EXT 1999"]
[Source "ChessBase"]
[SourceDate "1998.11.10"]

1. e4 c5 2. c3 g6 3. d4 cxd4 4. cxd4 d5 5. e5 Nc6 6. Bb5 Nh6 7. Ne2 Bg7 8. O-O
O-O 9. Nbc3 Bf5 10. Bf4 f6 11. exf6 Rxf6 12. Rc1 Nf7 13. a3 g5 14. Be3 h6 15.
f4 e6 16. fxg5 hxg5 17. Ng3 Ne7 18. Nh5 Rh6 19. g4 Bg6 20. Nxg7 Kxg7 21. Qf3
Nc8 22. Bd3 Ncd6 23. Bxg6 Kxg6 24. Nb5 Kg7 25. Nxd6 Nxd6 26. Qg3 Rf6 27. Qe5
Nf7 28. Rc7 Kg6 29. Rxf6+ Qxf6 30. Qxf6+ Kxf6 31. Rxb7 Nd6 32. Rb3 Rc8 33. Bd2
Rc2 34. Bc3 Ne4 35. Ba5 Nd6 36. Rf3+ Kg6 37. Rf2 Rc4 38. Bd8 Ne4 39. Rf8 Rxd4
40. b4 Rd1+ 41. Kg2 Rd2+ 42. Kg1 Re2 43. Kf1 Re3 44. Re8 Nf6 45. Re7 Nxg4 46.
Rxa7 Rb3 47. Be7 Ne3+ 48. Ke2 d4 49. a4 Kf5 50. a5 Ke4 51. a6 d3+ 52. Kf2 d2
53. Rd7 Nd5 54. Rxd5 exd5 0-1

[Event "Junior-DM"]
[Site "Aarhus"]
[Date "1993.??.??"]
[Round "8"]
[White "Pedersen, Daniel Vesterbaek"]
[Black "Trabolt, Lars"]
[Result "1-0"]
[WhiteElo "2225"]
[BlackElo "2040"]
[PlyCount "67"]
[EventDate "1993.??.??"]
[EventType "swiss"]
[EventRounds "9"]
[EventCountry "DEN"]
[SourceTitle "EXT 1999"]
[Source "ChessBase"]
[SourceDate "1998.11.10"]

1. e4 e6 2. d4 d5 3. Nc3 Bb4 4. exd5 exd5 5. Bd3 h6 6. Qf3 Nf6 7. Qg3 g5 8.
Nge2 Nc6 9. Bd2 Be6 10. Nb5 Bxd2+ 11. Kxd2 Rc8 12. c3 a6 13. Na3 Qd7 14. f3 Ne7
15. Rae1 Nh5 16. Qe5 f6 17. Qe3 Kf7 18. g4 Ng7 19. h4 Rcf8 20. Rh2 Ke8 21. Reh1
Rhg8 22. hxg5 hxg5 23. Rh7 Kd8 24. Nc2 Kc8 25. Na1 Kb8 26. Nb3 Qd6 27. Re1 Re8
28. Qf2 Bf7 29. Ng3 Bg6 30. Bxg6 Nxg6 31. Rxg7 Qf4+ 32. Kc2 Nh4 33. Rxg8 Rxg8
34. Nd2 1-0

[Event "Junior-DM"]
[Site "Aarhus"]
[Date "1993.??.??"]
[Round "1"]
[White "Pedersen, Nicolai Vesterbaek"]
[Black "Aarland, Stein Arild"]
[Result "1-0"]
[WhiteElo "2175"]
[BlackElo "2225"]
[PlyCount "79"]
[EventDate "1993.??.??"]
[EventType "swiss"]
[EventRounds "9"]
[EventCountry "DEN"]
[SourceTitle "EXT 1999"]
[Source "ChessBase"]
[SourceDate "1998.11.10"]

1. e4 c6 2. d4 d5 3. exd5 cxd5 4. Bd3 Nc6 5. c3 Nf6 6. Bf4 Bg4 7. Qb3 Qc8 8.
Nd2 e6 9. Ngf3 Be7 10. O-O O-O 11. Ne5 Bh5 12. Rfe1 Bg6 13. Nxg6 hxg6 14. Qa4
a6 15. b4 Nh5 16. Be3 Bd6 17. a3 Ne7 18. Qb3 Nf4 19. Bf1 Nf5 20. Rac1 b5 21. a4
Qb8 22. Ra1 Nh5 23. Nf3 bxa4 24. Rxa4 Nf6 25. g3 Ng4 26. Bd2 Nf6 27. Bd3 a5 28.
b5 Bc7 29. Rb1 Nd7 30. Rba1 Nd6 31. Bf4 Nb7 32. Be3 Nb6 33. R4a2 Rc8 34. Qc2
Bd6 35. Bxg6 Qc7 36. Ng5 Rf8 37. Bxf7+ Rxf7 38. Qh7+ Kf8 39. Nxe6+ Ke7 40. Nxc7
1-0

[Event "Junior-DM"]
[Site "Aarhus"]
[Date "1993.??.??"]
[Round "6"]
[White "Pedersen, Nicolai Vesterbaek"]
[Black "Hetey, Laszlo"]
[Result "1/2-1/2"]
[WhiteElo "2175"]
[BlackElo "2255"]
[PlyCount "131"]
[EventDate "1993.??.??"]
[EventType "swiss"]
[EventRounds "9"]
[EventCountry "DEN"]
[SourceTitle "EXT 1999"]
[Source "ChessBase"]
[SourceDate "1998.11.10"]

1. e4 c5 2. d4 cxd4 3. c3 g6 4. cxd4 d5 5. e5 Bg7 6. Nc3 Nc6 7. Bb5 Nh6 8. Nf3
O-O 9. h3 f6 10. exf6 exf6 11. O-O Be6 12. Na4 Qc7 13. Nc5 Bf7 14. Qa4 Nb8 15.
Bd2 b6 16. Na6 Nxa6 17. Bxa6 Rfd8 18. Rac1 Qb8 19. Qc6 Be8 20. Qe6+ Nf7 21. Bb4
Bd7 22. Qxd5 Bxh3 23. Qb3 Bc8 24. Bc4 Qb7 25. Rfe1 Bf8 26. Bxf8 Kxf8 27. Bxf7
Qxf7 28. Qb4+ Kg8 29. Re7 Qd5 30. Rcc7 Bd7 31. Qb3 Qxb3 32. axb3 Be8 33. Rg7+
Kh8 34. Rxh7+ Kg8 35. g4 g5 36. Kg2 a5 37. Rcg7+ Kf8 38. Rb7 Kg8 39. Rhc7 Rd6
40. Rg7+ Kf8 41. Rh7 Kg8 42. Rbg7+ Kf8 43. Rc7 Kg8 44. Rhe7 Rad8 45. Kg3 Kf8
46. Rh7 R8d7 47. Rhxd7 Bxd7 48. Rc3 Bb5 49. Rc2 Ke7 50. Rd2 Re6 51. d5 Re2 52.
d6+ Kd7 53. Rd5 Bc6 54. Rf5 Bxf3 55. Kxf3 Rxb2 56. Rb5 Kc6 57. Ke3 Rb1 58. d7
Rd1 59. Rf5 Rxd7 60. Rxf6+ Kc5 61. Rf5+ Rd5 62. Rxd5+ Kxd5 63. f4 gxf4+ 64.
Kxf4 b5 65. Ke3 Ke5 66. Kd3 1/2-1/2

[Event "Junior-DM"]
[Site "Aarhus"]
[Date "1993.??.??"]
[Round "9"]
[White "Plomp, Gordon"]
[Black "Hansen, Kasper"]
[Result "1-0"]
[WhiteElo "2200"]
[BlackElo "2155"]
[PlyCount "49"]
[EventDate "1993.??.??"]
[EventType "swiss"]
[EventRounds "9"]
[EventCountry "DEN"]
[SourceTitle "EXT 1999"]
[Source "ChessBase"]
[SourceDate "1998.11.10"]

1. c4 g6 2. g3 Bg7 3. Bg2 d6 4. Nc3 e5 5. Nf3 f5 6. d3 Nf6 7. O-O Nc6 8. Rb1
O-O 9. b4 h6 10. Nd5 g5 11. Nd2 Ne7 12. Nxf6+ Bxf6 13. Bb2 g4 14. Nb3 Qe8 15.
d4 f4 16. dxe5 dxe5 17. Nc5 Rb8 18. Qb3 Qh5 19. Rbd1 Ng6 20. Nd7 Bxd7 21. Rxd7
Bd8 22. c5+ Kh8 23. Be4 Bf6 24. Rfd1 c6 25. Rf7 1-0

[Event "Junior-DM"]
[Site "Aarhus"]
[Date "1993.??.??"]
[Round "3"]
[White "Plomp, Gordon"]
[Black "Andersen, Jackie"]
[Result "1/2-1/2"]
[WhiteElo "2200"]
[BlackElo "2150"]
[PlyCount "53"]
[EventDate "1993.??.??"]
[EventType "swiss"]
[EventRounds "9"]
[EventCountry "DEN"]
[SourceTitle "EXT 1999"]
[Source "ChessBase"]
[SourceDate "1998.11.10"]

1. c4 g6 2. Nf3 Bg7 3. g3 d6 4. Bg2 c5 5. Nc3 Nc6 6. O-O Bd7 7. a3 a6 8. Rb1
Na5 9. d3 b5 10. Nd2 Rb8 11. Nd5 bxc4 12. dxc4 e6 13. Ne3 Nf6 14. b4 Nc6 15.
Ne4 Nxe4 16. Bxe4 Nd4 17. Bb2 O-O 18. Nc2 Ba4 19. e3 Nxc2 20. Bxg7 Kxg7 21.
Bxc2 Bxc2 22. Qxc2 cxb4 23. axb4 Qc7 24. Rfe1 Rfe8 25. h4 h5 26. Qd3 Kg8 27.
Qd4 1/2-1/2

[Event "Junior-DM"]
[Site "Aarhus"]
[Date "1993.??.??"]
[Round "7"]
[White "Plomp, Gordon"]
[Black "Hellsten, Johan"]
[Result "0-1"]
[WhiteElo "2200"]
[BlackElo "2315"]
[PlyCount "126"]
[EventDate "1993.??.??"]
[EventType "swiss"]
[EventRounds "9"]
[EventCountry "DEN"]
[SourceTitle "EXT 1999"]
[Source "ChessBase"]
[SourceDate "1998.11.10"]

1. c4 Nf6 2. Nc3 e6 3. e4 d5 4. e5 Ne4 5. Nf3 Be7 6. Be2 O-O 7. d4 c5 8. Bd3
Nxc3 9. bxc3 dxc4 10. Bxc4 cxd4 11. cxd4 Qc7 12. Qe2 b5 13. Bd3 Qc3+ 14. Nd2
Qxa1 15. Qe4 g6 16. O-O Bd7 17. Qxa8 Qxd4 18. Qe4 Nc6 19. Qxd4 Nxd4 20. Bb2 Nc6
21. Bxb5 Nxe5 22. Bxd7 Nxd7 23. Rc1 Rb8 24. Nb3 Bd8 25. Rd1 Rb7 26. Bc3 Bb6 27.
Kf1 Kf8 28. a4 Ke8 29. Nd2 Bc5 30. Ne4 Be7 31. Nd6+ Bxd6 32. Rxd6 Ke7 33. Rd1
Nb6 34. Bb4+ Ke8 35. a5 Nd5 36. Bd2 a6 37. Ke2 Rb3 38. Rc1 Kd7 39. Rc4 Ra3 40.
h3 Rb3 41. Kd1 Rb1+ 42. Ke2 Rb5 43. Kd3 Ne7 44. Ra4 Rd5+ 45. Ke2 Nc6 46. Bc3 e5
47. g4 f6 48. f3 Ke6 49. Ke3 Rc5 50. Bd2 Rb5 51. Rc4 Rb3+ 52. Kf2 Kd5 53. Rc1
Nd4 54. Bc3 Nxf3 55. Kxf3 Kc4 56. Ke4 Rxc3 57. Rf1 Rxh3 58. Rxf6 Rg3 59. Rxa6
Rxg4+ 60. Kxe5 Kb5 61. Ra7 h5 62. Ra8 g5 63. Kf5 Rg3 0-1

[Event "Junior-DM"]
[Site "Aarhus"]
[Date "1993.??.??"]
[Round "4"]
[White "Sergejev, Roman"]
[Black "Pedersen, Nicolai Vesterbaek"]
[Result "1-0"]
[WhiteElo "2250"]
[BlackElo "2175"]
[PlyCount "41"]
[EventDate "1993.??.??"]
[EventType "swiss"]
[EventRounds "9"]
[EventCountry "DEN"]
[SourceTitle "EXT 1999"]
[Source "ChessBase"]
[SourceDate "1998.11.10"]

1. e4 e5 2. Nf3 Nc6 3. Bb5 a6 4. Ba4 Nf6 5. O-O Be7 6. Bxc6 dxc6 7. Qe1 Be6 8.
b3 Nd7 9. Bb2 Bd6 10. d4 f6 11. Qe3 Qe7 12. Nbd2 c5 13. dxe5 Nxe5 14. Nxe5 fxe5
15. Qg3 Qf6 16. Nf3 Qf4 17. Rfe1 O-O 18. Bxe5 Bxe5 19. Nxe5 Qd2 20. Qe3 Qxc2
21. Re2 1-0

[Event "Junior-DM"]
[Site "Aarhus"]
[Date "1993.??.??"]
[Round "2"]
[White "Sergejev, Roman"]
[Black "Berzinsh, Roland"]
[Result "1-0"]
[WhiteElo "2255"]
[BlackElo "2395"]
[PlyCount "57"]
[EventDate "1993.??.??"]
[EventType "swiss"]
[EventRounds "9"]
[EventCountry "DEN"]
[SourceTitle "EXT 1999"]
[Source "ChessBase"]
[SourceDate "1998.11.10"]

1. e4 e5 2. Nf3 Nc6 3. Bc4 Nf6 4. d4 exd4 5. e5 d5 6. Bb5 Ne4 7. Nxd4 Bd7 8.
Bxc6 Bxc6 9. Nxc6 bxc6 10. Be3 Bc5 11. Bxc5 Nxc5 12. O-O O-O 13. b4 Nd7 14. f4
Qe7 15. Qd4 a5 16. b5 Qb4 17. Qxb4 axb4 18. bxc6 Nb8 19. Nd2 Nxc6 20. Nb3 Rfd8
21. Rfd1 Kf8 22. Rd3 Na5 23. Nc5 c6 24. Rb1 Nc4 25. Rxb4 Rxa2 26. Rxc4 dxc4 27.
Rxd8+ Ke7 28. Rd7+ Ke8 29. Rd2 1-0

[Event "Junior-DM"]
[Site "Aarhus"]
[Date "1993.??.??"]
[Round "6"]
[White "Trabolt, Lars"]
[Black "Loebler, Heimo"]
[Result "0-1"]
[WhiteElo "2040"]
[BlackElo "2350"]
[PlyCount "58"]
[EventDate "1993.??.??"]
[EventType "swiss"]
[EventRounds "9"]
[EventCountry "DEN"]
[SourceTitle "EXT 1999"]
[Source "ChessBase"]
[SourceDate "1998.11.10"]

1. d4 d5 2. c4 dxc4 3. Nf3 Nf6 4. Nc3 a6 5. e4 b5 6. e5 Nd5 7. Ng5 Bf5 8. e6
Bxe6 9. Nxe6 fxe6 10. Qh5+ g6 11. Qe5 Nf6 12. Qxe6 Qd7 13. d5 Qxe6+ 14. dxe6
Nc6 15. Be3 O-O-O 16. g3 Nb4 17. Rd1 Bg7 18. Bc5 Nfd5 19. Nxd5 Nxd5 20. Bg2 c6
21. Bxd5 Rxd5 22. Rxd5 cxd5 23. b3 Kc7 24. Kd1 Kc6 25. b4 d4 26. Kc2 Kd5 27. a4
Bf6 28. axb5 axb5 29. Re1 Ra8 0-1